000 00539nam a2200181Ia 4500
005 20250326124212.0
008 250326s9999 xx 000 0 und d
037 _aTextbook
040 _aFMSL
_beng
_cFMSL
041 _aeng
_2eng
084 _aX:51-8 J8;1
_qFMSL
100 _aKelley E J
_9736910
245 0 _aManagerial marketing: perspectives and viewpoints: source book
_cKelley E J; Lazer W
260 _aUSA
_bUSA, Richard D Irwin
_c1958
300 _a506p
942 _cTB
_hX:51-8 J8;1
999 _c1272714
_d1272714